Представление документа в формате MARC21

Поле Инд. ПП Название Значение
Тип записи a
Библиографический уровень m
001 _ Контрольный номер BIBLIOCLUB\0000211225
005 _ Дата корректировки 20250915104224.7
008 Кодируемые данные 210927j2010 RU y |||| 000 0 rus u
020 a ISBN 978-5-9551-0432-4
040 a Служба первич. каталог. Директ-Медиа
c Служба, преобразующая запись Директ-Медиа
041 a Код языка текста rus
044 a Код страны публикации RU
080 a Индекс УДК 80/81-1
084 2 Источник индекса rubbk
a Индекс другой классификации/Индекс ББК 83.3(0)
084 2 Источник индекса rubbk
a Индекс другой классификации/Индекс ББК 83.3(0)9
084 2 Источник индекса rubbk
a Индекс другой классификации/Индекс ББК 83.3(0)=
100 1_ a Автор Гуго Ф.
q Полное имя Ф.
4 Код отношения 070
245 a Заглавие Структура современной лирики. От Бодлера до середины двадцатого столетия
b Продолж. заглавия художественная литература
c Ответственность Ф. Гуго; пер. Е. Головин
260 a Место издания Москва
b Издательство Языки славянской культуры (ЯСК)
c Дата издания 2010
300 a Объем 339 с.
520 a Аннотация Профессор романской филологии Гуго Фридрих (1904—1978) почти всю жизнь проработал во Фрайбургском университете. Его перу принадлежат выдающиеся труды («Классики французского романа», «Мон-тень», «Структура современной лирики», «Эпохи итальянской лирики» и др.). «Структура современной лирики» наиболее интересна — автор прослеживает пути современной поэзии от Бодлера до середины XX столетия. Ситуация лирики, с середины XIX века отрекшейся от позитивизма, чувств, эмоций, любви, пейзажей и прочего классиче¬ского ассортимента, оказалась поистине трагичной. Неприятие любой лирической и философской конвенции, все нарастающая алиенация артистов от общества с его проблемами, от реальности — людей, бытия, вещественности, от пространства и времени, от своих читателей, от самих себя, поиски «чистого» абсолюта, прорыв к магии слова — все это радикально развернуло поэзию на 180 градусов, привело к небывалой «условной» выразительности. В терминологии Г. Фридриха лирика Рембо, Малларме, Элиота, Сент-Джон Перса, Унгаретти, Лорки, Алей-хандре, Гильена обретает смысл и обаяние высокого духовного совер¬шенства. По Фридриху, современная блистательная поэтическая плеяда художественно и философски, вместе с живописью и музыкой, обретает себя в недостижимой высоте.В приложении читатель найдет некоторые трудные стихи на языке оригинала и в переводах Евгения Головина, которые дают представление о том, как сочетаются слова без общепринятого согласования, как функционирует новый язык нового «дикта». Следует отметить необычную композицию заключительного эссе Головина: трудные философские и филологические понятия новой лирики рассматриваются им в изящных фрагментах, отличающихся глубиной и проникновенностью.
538 a Прим. о системных особенностях Режим доступа: электронная библиотечная система «Университетская библиотека ONLINE», требуется авторизация
700 1_ a Другие авторы Головин Е.
4 Код отношения 730
856 4_ u URL https://biblioclub.ru/index.php?page=book&id=211225
a Имя сервера/домена Режим доступа: электронная библиотечная система «Университетская библиотека ONLINE», требуется авторизация
z Примечание для пользователя Участвует в КО